| 000 | 00623nam a2200193Ia 4500 | ||
|---|---|---|---|
| 005 | 20260601193220.0 | ||
| 008 | 260601s9999||||xx |||||||||||||| ||und|| | ||
| 020 |
_a978-3-031-46338-9 _qebk |
||
| 100 | _aAkram Bennour | ||
| 245 | 0 | _aIntelligent Systems and Pattern Recognition | |
| 250 | _a1st ed. 2024 | ||
| 260 |
_aHeidelberg, Germany _bSpringer Nature _c2024 |
||
| 440 | _aCommunications in Computer and Information Science | ||
| 650 | _aComputer Science | ||
| 700 | _aAhmed Bouridane | ||
| 700 | _aLotfi Chaari | ||
| 856 | _uhttps://link.springer.com/openurl?genre=book&isbn=978-3-031-46338-9 | ||
| 942 |
_cEB _2ddc |
||
| 999 |
_c55775 _d55775 |
||